[Event "5th Budapest Open"]
[Site "Budapest"]
[Date "2015.08.16"]
[Round "2.28"]
[White "Bangha, Otto Peter"]
[Black "Schatzer, Andras"]
[Result "0-1"]
[WhiteElo "1427"]
[BlackElo "1809"]
[PlyCount "76"]
[EventDate "2014.08.15"]
[EventType "swiss"]
[EventRounds "9"]
[EventCountry "HUN"]

1. e4 c5 2. Nf3 Nc6 3. d4 cxd4 4. Nxd4 g6 5. Be3 Bg7 6. Nc3 Nf6 7. Bc4 Qa5 8.
f3 Qb4 9. Bb3 Nxe4 10. fxe4 Bxd4 11. Bxd4 Nxd4 12. O-O Nxb3 13. axb3 O-O 14.
Ra4 Qc5+ 15. Kh1 b5 16. Rd4 e6 17. b4 Qg5 18. Rf3 Bb7 19. Rg3 Qe5 20. Rxd7 Bc6
21. Rd4 a5 22. Re3 axb4 23. Rxb4 Qc5 24. Qd4 Ra1+ 25. Nd1 Rxd1+ 26. Qxd1 Qxe3
27. Rb3 Qxe4 28. Rg3 Qd5 29. Qf1 Rd8 30. Rd3 Qg5 31. Rxd8+ Qxd8 32. h3 Qd2 33.
b3 Qxc2 34. b4 f5 35. Kg1 Kf7 36. Qf2 Qxf2+ 37. Kxf2 Kf6 38. g3 Ke5 0-1

[Event "5th Budapest Open"]
[Site "Budapest"]
[Date "2015.08.16"]
[Round "2.29"]
[White "Abraham, Lajos"]
[Black "Bolyki, Istvan"]
[Result "1/2-1/2"]
[WhiteElo "1781"]
[BlackElo "1394"]
[PlyCount "91"]
[EventDate "2014.08.15"]
[EventType "swiss"]
[EventRounds "9"]
[EventCountry "HUN"]

1. e4 e5 2. Nf3 Nc6 3. Bb5 a6 4. Ba4 Nf6 5. Qe2 b5 6. Bb3 d6 7. c3 Bg4 8. h3
Bh5 9. d3 Be7 10. Be3 Na5 11. Bc2 c5 12. b4 cxb4 13. cxb4 Nc6 14. a3 a5 15. d4
Bxf3 16. gxf3 exd4 17. Qxb5 Qd7 18. Ba4 Rc8 19. Bd2 axb4 20. axb4 O-O 21. Na3
Ne5 22. Qxd7 Nfxd7 23. Bxd7 Nxd7 24. f4 Bf6 25. Rc1 Rxc1+ 26. Bxc1 Re8 27. Kd2
Rxe4 28. Kd3 d5 29. Bd2 Re6 30. Re1 Rxe1 31. Bxe1 h5 32. Nb5 Kh7 33. Nxd4 Kg6
34. f3 Bxd4 35. Kxd4 Kf5 36. Bd2 Ke6 37. f5+ Kxf5 38. Kxd5 g5 39. b5 Nb6+ 40.
Kd4 g4 41. hxg4+ hxg4 42. fxg4+ Kxg4 43. Ba5 Nc8 44. Ke5 Na7 45. Kf6 Nxb5 46.
Kxf7 1/2-1/2

[Event "5th Budapest Open"]
[Site "Budapest"]
[Date "2015.08.16"]
[Round "2.30"]
[White "Sulyok, Eszter"]
[Black "Mihaly, Zoltan"]
[Result "1/2-1/2"]
[WhiteElo "1324"]
[BlackElo "1774"]
[PlyCount "106"]
[EventDate "2014.08.15"]
[EventType "swiss"]
[EventRounds "9"]
[EventCountry "HUN"]

1. d4 d5 2. c4 c6 3. Nf3 g6 4. e3 Bg7 5. Be2 Nf6 6. O-O O-O 7. Nc3 Bg4 8. h3
Bf5 9. Bd3 Be6 10. b3 h6 11. Bb2 Qb6 12. Qe2 Nbd7 13. Rac1 Rfe8 14. Rfd1 Rac8
15. e4 dxe4 16. Bxe4 Nxe4 17. Nxe4 Bf5 18. Bc3 Rcd8 19. d5 cxd5 20. cxd5 Bxe4
21. Qxe4 f5 22. Qe6+ Qxe6 23. dxe6 Nf8 24. Rxd8 Rxd8 25. Bxg7 Kxg7 26. Rc7 Rb8
27. Rxe7+ Kf6 28. Rc7 Nxe6 29. Rd7 a5 30. Rd6 Ke7 31. Rb6 Nf4 32. Ne5 Rd8 33.
Rxb7+ Ke6 34. Nf3 Rd1+ 35. Kh2 Rf1 36. Rb8 Nd3 37. Re8+ Kf7 38. Re2 Nxf2 39.
Re1 Rxe1 40. Nxe1 Ne4 41. Nd3 Nc3 42. b4 axb4 43. Nxb4 Kf6 44. Kg3 g5 45. Kf3
h5 46. g3 Ke5 47. h4 g4+ 48. Ke3 Nd1+ 49. Ke2 Nc3+ 50. Ke3 Nd1+ 51. Ke2 Nc3+
52. Ke3 Nd1+ 53. Ke2 Nc3+ 1/2-1/2

[Event "5th Budapest Open"]
[Site "Budapest"]
[Date "2015.08.16"]
[Round "2.31"]
[White "Szlenka, Attila"]
[Black "Karacsonyi, Luca"]
[Result "1-0"]
[WhiteElo "1765"]
[BlackElo "1115"]
[PlyCount "95"]
[EventDate "2014.08.15"]
[EventType "swiss"]
[EventRounds "9"]
[EventCountry "HUN"]

1. c4 e5 2. Nc3 Nf6 3. g3 d5 4. cxd5 Nxd5 5. Bg2 Be6 6. d3 Bb4 7. Bd2 O-O 8.
Nf3 Nc6 9. O-O Qd7 10. Ng5 Nxc3 11. bxc3 Bc5 12. Nxe6 Qxe6 13. Qa4 Rad8 14. Qb3
Qxb3 15. axb3 f5 16. b4 Be7 17. b5 Nb8 18. Bxb7 e4 19. d4 c5 20. Be3 cxd4 21.
Bxd4 Rd7 22. Rxa7 Bf6 23. Bxf6 Rxf6 24. c4 Rff7 25. Bxe4 fxe4 26. Ra8 Rf8 27.
c5 Rd5 28. c6 Rxb5 29. c7 Rc8 30. cxb8=Q Rcxb8 31. Rxb8+ Rxb8 32. Rd1 Rb2 33.
e3 Rb7 34. h4 Kf7 35. Rd4 Re7 36. Kg2 Kf6 37. g4 h6 38. f4 g6 39. Rd6+ Re6 40.
g5+ hxg5 41. hxg5+ Kf7 42. Rd7+ Re7 43. Rd4 Re6 44. Kg3 Re7 45. Kg4 Re6 46. Rd5
Re7 47. f5 Kg7 48. f6+ 1-0

[Event "5th Budapest Open"]
[Site "Budapest"]
[Date "2015.08.17"]
[Round "3.1"]
[White "Mészáros, András"]
[Black "Kormos, Ádám"]
[Result "1-0"]
[WhiteElo "2246"]
[BlackElo "2109"]
[PlyCount "95"]
[EventDate "2014.08.15"]
[EventType "swiss"]
[EventRounds "9"]
[EventCountry "HUN"]

1. e4 g6 2. Nc3 Bg7 3. f4 d6 4. Nf3 Nf6 5. d4 O-O 6. Bd3 Nh5 7. Be3 Bg4 8. h3
Bxf3 9. Qxf3 e5 10. dxe5 dxe5 11. f5 Nc6 12. O-O-O Nd4 13. Qf2 Qd6 14. Rhf1 Nf4
15. Bc4 Qb4 16. Bb3 a5 17. Bxd4 exd4 18. a3 Qe7 19. Nb5 Bh6 20. Kb1 a4 21. Bc4
Qc5 22. Qxd4 Qxd4 23. Rxd4 Nxg2 24. fxg6 hxg6 25. Nxc7 Ne3 26. Bxf7+ Kh8 27.
Rf3 Rac8 28. Rd7 Nc4 29. Ne6 Nd2+ 30. Rxd2 Bxd2 31. Nxf8 Rxf8 32. Rd3 Rxf7 33.
Rxd2 Rf1+ 34. Ka2 Re1 35. Rd4 b5 36. Rb4 Rh1 37. Rxb5 Rxh3 38. Rb4 Rh2 39. c3
Rh5 40. Rxa4 Re5 41. Kb3 g5 42. Rd4 g4 43. Rd3 Rxe4 44. a4 Kg7 45. a5 Kg6 46.
a6 Re6 47. a7 Rb6+ 48. Kc2 1-0

[Event "5th Budapest Open"]
[Site "Budapest"]
[Date "2015.08.17"]
[Round "3.2"]
[White "Boguszlavszkij, Jevgenyij"]
[Black "Vargyas, Zoltan"]
[Result "1-0"]
[WhiteElo "2199"]
[BlackElo "2089"]
[PlyCount "75"]
[EventDate "2014.08.15"]
[EventType "swiss"]
[EventRounds "9"]
[EventCountry "HUN"]

1. Nf3 d5 2. g3 c5 3. Bg2 Nc6 4. d4 Nf6 5. O-O e6 6. b3 Be7 7. Bb2 O-O 8. e3
Bd7 9. c4 cxd4 10. exd4 Rc8 11. Nc3 dxc4 12. bxc4 Na5 13. c5 b6 14. cxb6 Qxb6
15. Rb1 Qa6 16. Ne5 Rfd8 17. Ba1 Be8 18. Re1 Nc6 19. Qe2 Qxe2 20. Nxe2 Nb4 21.
Bc3 Nfd5 22. Ba1 f6 23. Nf3 Rc2 24. Nf4 Nxf4 25. gxf4 Rxa2 26. Rxe6 Bf8 27. Ne1
Bf7 28. Re3 a5 29. Bf1 a4 30. Bb2 Bg6 31. Bc4+ Bf7 32. Bxa2 Bxa2 33. Rc1 Nd5
34. Rf3 Bb3 35. Nc2 Bd6 36. Na1 Nxf4 37. Nxb3 Rb8 38. Rc6 1-0

[Event "5th Budapest Open"]
[Site "Budapest"]
[Date "2015.08.17"]
[Round "3.3"]
[White "Erdos, Boglarka"]
[Black "Koczo, Kristof"]
[Result "1-0"]
[WhiteElo "2175"]
[BlackElo "2193"]
[PlyCount "99"]
[EventDate "2014.08.15"]
[EventType "swiss"]
[EventRounds "9"]
[EventCountry "HUN"]

1. Nf3 d5 2. g3 g6 3. c4 c6 4. Qa4 d4 5. d3 Bg7 6. Bg2 e5 7. O-O Ne7 8. b4 O-O
9. Nbd2 f5 10. Rb1 Kh8 11. Qc2 Be6 12. a4 Nd7 13. Ba3 Bf6 14. Nb3 a6 15. a5 Rc8
16. Qd2 Rc7 17. e3 dxe3 18. Qxe3 Bg8 19. Rfe1 Re8 20. Rbd1 Nc8 21. Bb2 Nd6 22.
Qc1 c5 23. Qa1 cxb4 24. Nxe5 Nxe5 25. Bxe5 Bxe5 26. Rxe5 Qf6 27. Rxe8 Nxe8 28.
Qa4 Qe7 29. Kf1 Ng7 30. Nd2 Qd6 31. Nf3 Bf7 32. Qa1 Be8 33. Ne5 Re7 34. d4 b6
35. axb6 Qxb6 36. c5 Qb5+ 37. Kg1 a5 38. c6 b3 39. Qa3 Qb4 40. Qxb4 axb4 41.
Rb1 Ne6 42. d5 Nc5 43. f4 Bxc6 44. dxc6 Ra7 45. Bd5 Ne4 46. Bxe4 fxe4 47. Rxb3
Ra4 48. Rb1 e3 49. c7 Ra8 50. Rxb4 1-0

[Event "5th Budapest Open"]
[Site "Budapest"]
[Date "2015.08.17"]
[Round "3.4"]
[White "Polyik, Peter"]
[Black "Blazques Criado, Sergio"]
[Result "1-0"]
[WhiteElo "2178"]
[BlackElo "1883"]
[PlyCount "53"]
[EventDate "2014.08.15"]
[EventType "swiss"]
[EventRounds "9"]
[EventCountry "HUN"]

1. d4 Nf6 2. c4 e5 3. dxe5 Ng4 4. Bf4 Bb4+ 5. Nd2 d6 6. exd6 Qf6 7. Nh3 Nxf2 8.
Kxf2 Bxh3 9. g3 Bxd2 10. Qxd2 Bxf1 11. dxc7 Na6 12. Qe3+ Kf8 13. Qxa7 Re8 14.
Rhxf1 g5 15. Kg1 gxf4 16. Qxb7 Kg7 17. Rxf4 Qe6 18. Raf1 Rhf8 19. Rf6 Qe3+ 20.
Kh1 Nc5 21. c8=Q Nxb7 22. Qxb7 Re7 23. Qf3 Qd4 24. b3 Kg8 25. Rf4 Qb2 26. e4
Rd7 27. Qg4+ 1-0

[Event "5th Budapest Open"]
[Site "Budapest"]
[Date "2015.08.17"]
[Round "3.6"]
[White "Trajber, Csaba"]
[Black "Farago, Sandor"]
[Result "0-1"]
[WhiteElo "2056"]
[BlackElo "2256"]
[PlyCount "132"]
[EventDate "2014.08.15"]
[EventType "swiss"]
[EventRounds "9"]
[EventCountry "HUN"]

1. e4 c5 2. c3 Nf6 3. e5 Nd5 4. d4 cxd4 5. Nf3 Nc6 6. cxd4 d6 7. Bc4 e6 8. O-O
Be7 9. Bd2 O-O 10. Nc3 dxe5 11. dxe5 Nb6 12. Bb5 Nb4 13. a3 N4d5 14. Qe2 a6 15.
Bd3 Bd7 16. Rfd1 Rc8 17. Ne4 Na4 18. Rab1 Nc5 19. Nxc5 Rxc5 20. Rbc1 Rxc1 21.
Bxc1 g6 22. Bc4 Nb6 23. Bb3 Qc7 24. Be3 Bb5 25. Qe1 Nd7 26. Rc1 Bc6 27. Bd4 Qd8
28. Qe3 Kg7 29. Rd1 h6 30. Nd2 Qc7 31. Ne4 Bg5 32. f4 Be7 33. Nd6 Kh7 34. Bc3
Qb6 35. Bd4 Qc7 36. Bc3 a5 37. Bc2 b6 38. Bb1 Nc5 39. b4 axb4 40. axb4 Nb7 41.
Ne4 Rd8 42. Rc1 b5 43. Be1 Qd7 44. h4 Qd5 45. h5 Rg8 46. Bd2 Kh8 47. Qe2 Nd8
48. Rd1 Qd4+ 49. Be3 Qxb4 50. Nf6 Bxf6 51. exf6 Be4 52. Bd2 Qc5+ 53. Be3 Qc6
54. Rc1 Qb7 55. g4 gxh5 56. g5 Bxb1 57. Rxb1 Qe4 58. Rxb5 Nc6 59. Kf2 Nd4 60.
Rb4 e5 61. Qxh5 Qc2+ 62. Kf1 Nf5 63. Qh3 Rd8 64. Bf2 exf4 65. gxh6 Ne3+ 66. Kg1
Rg8+ 0-1

[Event "5th Budapest Open"]
[Site "Budapest"]
[Date "2015.08.17"]
[Round "3.7"]
[White "Ongut, Tamas Gunes"]
[Black "Kovacs, Istvan"]
[Result "1/2-1/2"]
[WhiteElo "1883"]
[BlackElo "2147"]
[PlyCount "61"]
[EventDate "2014.08.15"]
[EventType "swiss"]
[EventRounds "9"]
[EventCountry "HUN"]

1. e4 c5 2. Nf3 e6 3. c3 d5 4. e5 d4 5. cxd4 cxd4 6. Bb5+ Nc6 7. Qa4 Bd7 8.
Bxc6 Bxc6 9. Qxd4 Bxf3 10. Qxd8+ Rxd8 11. gxf3 Ne7 12. d3 Nc6 13. f4 Nb4 14.
Na3 Rxd3 15. Ke2 Rd7 16. Be3 Nc6 17. Nb5 a6 18. Nc3 f6 19. exf6 gxf6 20. Ne4
Be7 21. Rad1 Rg8 22. Bc5 f5 23. Bxe7 fxe4 24. Bc5 Rf7 25. Ke3 Rf5 26. Bd6 Rg2
27. Rd2 Rh5 28. Kxe4 Rhxh2 29. Rxh2 Rxh2 30. Bc5 Rh1 31. b3 1/2-1/2

[Event "5th Budapest Open"]
[Site "Budapest"]
[Date "2015.08.17"]
[Round "3.8"]
[White "Markos, Adam"]
[Black "Yip, Michael"]
[Result "1-0"]
[WhiteElo "2146"]
[BlackElo "1927"]
[PlyCount "49"]
[EventDate "2014.08.15"]
[EventType "swiss"]
[EventRounds "9"]
[EventCountry "HUN"]

1. e4 d5 2. exd5 Qxd5 3. Nc3 Qd6 4. d4 Nf6 5. Nf3 c6 6. Bg5 Nbd7 7. Qd2 e6 8.
O-O-O Be7 9. Bf4 Qb4 10. Bc7 Bf8 11. a3 Qe7 12. Bd3 Nb6 13. Bf4 Qd8 14. Kb1 Be7
15. g4 Nbd5 16. Nxd5 cxd5 17. Ne5 Bd7 18. Qe2 Bc6 19. Rde1 O-O 20. g5 Nd7 21.
Qh5 g6 22. Nxg6 fxg6 23. Bxg6 Rxf4 24. Qxh7+ Kf8 25. Qh8# 1-0

[Event "5th Budapest Open"]
[Site "Budapest"]
[Date "2015.08.17"]
[Round "3.9"]
[White "Karacsonyi, Gellert"]
[Black "Juhasz, Bela"]
[Result "0-1"]
[WhiteElo "2013"]
[BlackElo "2134"]
[PlyCount "112"]
[EventDate "2014.08.15"]
[EventType "swiss"]
[EventRounds "9"]
[EventCountry "HUN"]

1. e4 e6 2. d4 d5 3. Nd2 c5 4. exd5 Qxd5 5. dxc5 Bxc5 6. Ngf3 Nf6 7. Bc4 Qd6 8.
O-O O-O 9. Qe2 Qc7 10. Nb3 Bd6 11. Re1 Nc6 12. Bg5 Ng4 13. h3 Nge5 14. Nbd2 h6
15. Be3 Nxc4 16. Qxc4 e5 17. Bc5 Be6 18. Bxd6 Qxd6 19. Ne4 Qc7 20. Qc3 f6 21.
a3 Rfd8 22. Rad1 b6 23. b4 Rac8 24. b5 Rxd1 25. Rxd1 Na5 26. Qxc7 Rxc7 27. c3
Nc4 28. Ra1 Rd7 29. a4 f5 30. Ng3 Kf7 31. Re1 Rd5 32. Kf1 g6 33. Ke2 Kf6 34. h4
Nd6 35. Nf1 Ne4 36. Rc1 Rc5 37. g4 Nxc3+ 38. Ke1 Nxa4 39. Rxc5 bxc5 40. g5+
hxg5 41. hxg5+ Kg7 42. Nxe5 Nc3 43. Nd3 c4 44. Nc5 Kf7 45. Nxe6 Kxe6 46. Ne3
Nxb5 47. Nxc4 f4 48. Ke2 Kf5 49. Kd3 a6 50. Nd2 Nc7 51. Ne4 Ne6 52. Nd6+ Kxg5
53. Ke4 Kf6 54. Nc4 g5 55. Kf3 Nc5 56. Kg4 Nd3 0-1

[Event "5th Budapest Open"]
[Site "Budapest"]
[Date "2015.08.17"]
[Round "3.10"]
[White "Kokeny, Norbert Adrian"]
[Black "Bodrogi, Laszlo"]
[Result "1-0"]
[WhiteElo "2123"]
[BlackElo "1985"]
[PlyCount "139"]
[EventDate "2014.08.15"]
[EventType "swiss"]
[EventRounds "9"]
[EventCountry "HUN"]

1. d4 Nf6 2. Bg5 Ne4 3. Bf4 c5 4. f3 Qa5+ 5. c3 Nf6 6. d5 Qb6 7. Bc1 e6 8. e4
exd5 9. exd5 Qd6 10. c4 Be7 11. Nc3 O-O 12. Bd3 Na6 13. Nge2 Nb4 14. Bb1 Nh5
15. O-O f5 16. a3 Na6 17. Qd3 g6 18. Nb5 Qf6 19. d6 Bd8 20. Bd2 Qf7 21. Nec3 b6
22. Bc2 Bb7 23. Rae1 Bf6 24. Re2 Rfe8 25. Rxe8+ Rxe8 26. Nxa7 Bd4+ 27. Kh1 Qf6
28. g3 Qxd6 29. Nab5 Qf6 30. Nxd4 cxd4 31. Nb5 Nc5 32. Qxd4 Re2 33. Qxf6 Nxf6
34. Bc3 Rxc2 35. Bxf6 Nd3 36. Nd6 Bc6 37. Kg1 Re2 38. Bc3 Nxb2 39. Rb1 Na4 40.
Bd4 Rd2 41. Be5 Bxf3 42. c5 Rg2+ 43. Kf1 Rxh2 44. Rb3 Re2 45. Ba1 Ra2 46. Bf6
Nxc5 47. Rxf3 Rc2 48. Re3 Ne6 49. Rb3 Rc6 50. Be5 Kf8 51. Rb4 h5 52. a4 Nc7 53.
Rb3 Nd5 54. a5 Ke7 55. a6 Rc1+ 56. Kg2 Rc2+ 57. Kh3 Ra2 58. a7 Ke6 59. Bb2 Rxa7
60. Nc4 Ra6 61. Nd2 Ra4 62. Ba3 Rd4 63. Nf3 Rd1 64. Kh4 Kf7 65. Kg5 Kg7 66.
Bb2+ Kh7 67. Bd4 Nc7 68. Kf6 Nd5+ 69. Kf7 f4 70. Bg7 1-0

[Event "5th Budapest Open"]
[Site "Budapest"]
[Date "2015.08.17"]
[Round "3.11"]
[White "Horvath, Aron Balazs"]
[Black "Bulthaupt, Freerk dr"]
[Result "0-1"]
[WhiteElo "1788"]
[BlackElo "2176"]
[PlyCount "202"]
[EventDate "2014.08.15"]
[EventType "swiss"]
[EventRounds "9"]
[EventCountry "HUN"]

1. e4 g6 2. d4 Bg7 3. Be3 d6 4. Nc3 a6 5. Qd2 b5 6. O-O-O Nd7 7. h3 Bb7 8. f4
Ngf6 9. e5 Nd5 10. Nxd5 Bxd5 11. Kb1 O-O 12. Ne2 Nb6 13. Nc3 Bb7 14. Rg1 b4 15.
Ne2 Nc4 16. Qd3 Nxe3 17. Qxe3 a5 18. g4 Qd7 19. Ng3 a4 20. Bg2 Bxg2 21. Rxg2 b3
22. cxb3 axb3 23. a3 Rfb8 24. Re2 e6 25. Ne4 Ra5 26. Nf6+ Bxf6 27. exf6 Qd8 28.
g5 Rd5 29. Red2 h5 30. Qc3 Qc8 31. Qc6 Rb6 32. Qa4 c6 33. Rd3 e5 34. dxe5 Rxd3
35. Rxd3 Qf5 36. Qd4 Rb5 37. e6 Qxe6 38. Qxd6 Qf5 39. Qd8+ Kh7 40. Qd7 Kg8 41.
Qxf5 Rxf5 42. Rxb3 Rxf4 43. Rc3 Rf5 44. Rxc6 Rxg5 45. Kc2 Rf5 46. a4 g5 47. Kd3
Rf3+ 48. Ke4 Rf4+ 49. Ke5 Rxa4 50. Rc5 Kh7 51. Kf5 Kh6 52. Rb5 Rf4+ 53. Ke5 Kg6
54. Rb8 Rf5+ 55. Ke4 Rxf6 56. Rg8+ Kh6 57. Rh8+ Kg7 58. Rxh5 Rf4+ 59. Ke3 Kg6
60. Rh8 Rb4 61. Rg8+ Kf6 62. Kf3 Rxb2 63. Ra8 Rb3+ 64. Kg4 Rb4+ 65. Kg3 Kf5 66.
Ra5+ Kg6 67. Ra8 Rb3+ 68. Kg2 f6 69. Ra6 Re3 70. Rb6 Kf5 71. Ra6 Re6 72. Ra3
Kf4 73. Rf3+ Ke4 74. Kg3 f5 75. Ra3 Rd6 76. Kf2 Rd2+ 77. Kf1 Rd3 78. Ra4+ Kf3
79. Ke1 Kg3 80. Ke2 Rb3 81. Ra5 Rb2+ 82. Ke1 Rf2 83. Rb5 Rf4 84. h4 Rxh4 85.
Rxf5 g4 86. Ra5 Rh1+ 87. Ke2 Kg2 88. Ra2 Rb1 89. Ke3+ Kg3 90. Ra3 Rb2 91. Ke4+
Kg2 92. Ke3 g3 93. Rc3 Kh2 94. Rc8 g2 95. Rh8+ Kg1 96. Rf8 Rb3+ 97. Ke2 Rb2+
98. Ke3 Rb3+ 99. Ke2 Kh2 100. Rh8+ Rh3 101. Rxh3+ Kxh3 0-1

[Event "5th Budapest Open"]
[Site "Budapest"]
[Date "2015.08.17"]
[Round "3.13"]
[White "Cruz Guerra, Samuel"]
[Black "Persanyi, Barnabas"]
[Result "1-0"]
[WhiteElo "1904"]
[BlackElo "2064"]
[PlyCount "67"]
[EventDate "2014.08.15"]
[EventType "swiss"]
[EventRounds "9"]
[EventCountry "HUN"]

1. e4 b6 2. Nc3 Bb7 3. f4 e6 4. Nf3 Bb4 5. d3 d5 6. Bd2 Nf6 7. e5 Nfd7 8. a3
Be7 9. d4 c5 10. Ne2 Nc6 11. g3 Ba6 12. Be3 Bxe2 13. Bxe2 cxd4 14. Bxd4 Qc7 15.
O-O O-O 16. Kg2 f6 17. exf6 Nxf6 18. c3 Ne4 19. Qc2 Bf6 20. Bg1 h6 21. Bd3 Nd6
22. Rae1 Rae8 23. Bg6 Re7 24. g4 Ne4 25. Bxe4 dxe4 26. Qxe4 Kh8 27. g5 Bxc3 28.
bxc3 Rxf4 29. Qg6 Rg4+ 30. Kh1 Nd8 31. Ne5 Qb7+ 32. Re4 Qxe4+ 33. Qxe4 Rxe4 34.
Rf8+ 1-0

[Event "5th Budapest Open"]
[Site "Budapest"]
[Date "2015.08.17"]
[Round "3.14"]
[White "Geher, Laszlo"]
[Black "Bakk, Zoltan"]
[Result "1/2-1/2"]
[WhiteElo "1851"]
[BlackElo "2051"]
[PlyCount "81"]
[EventDate "2014.08.15"]
[EventType "swiss"]
[EventRounds "9"]
[EventCountry "HUN"]

1. e4 c5 2. Nf3 a6 3. c3 e6 4. d4 d5 5. exd5 exd5 6. Bd3 c4 7. Be2 Bd6 8. O-O
Nc6 9. Re1 Nge7 10. Bg5 O-O 11. Nbd2 f6 12. Bh4 Nf5 13. Nf1 b5 14. Ne3 Nxe3 15.
fxe3 Re8 16. Bf2 Bf5 17. Nd2 Qc7 18. h3 Bh2+ 19. Kh1 Rad8 20. Bf3 Be4 21. a4 f5
22. axb5 axb5 23. Ra6 Nb8 24. Ra8 Nd7 25. Ra6 Ra8 26. Rxa8 Rxa8 27. Bxe4 fxe4
28. Bh4 Bg3 29. Qh5 Nb6 30. Rf1 Bxh4 31. Qxh4 Qd6 32. Qh5 Rf8 33. Kg1 Rxf1+ 34.
Nxf1 g6 35. Qh4 Na4 36. Qf2 Kg7 37. Nh2 b4 38. Ng4 bxc3 39. bxc3 h5 40. Ne5 Qf6
41. Qc2 1/2-1/2

[Event "5th Budapest Open"]
[Site "Budapest"]
[Date "2015.08.17"]
[Round "3.15"]
[White "Mester, Attila"]
[Black "Bellan, Istvan"]
[Result "1-0"]
[WhiteElo "2025"]
[BlackElo "1848"]
[PlyCount "91"]
[EventDate "2014.08.15"]
[EventType "swiss"]
[EventRounds "9"]
[EventCountry "HUN"]

1. e4 c5 2. Nf3 d6 3. d4 cxd4 4. Nxd4 Nf6 5. Nc3 a6 6. f4 g6 7. Be2 Bg7 8. Bf3
O-O 9. Be3 Nc6 10. Nxc6 bxc6 11. O-O Qc7 12. Qd2 Rb8 13. Rab1 Ng4 14. Bxg4 Bxg4
15. f5 gxf5 16. h3 f4 17. Rxf4 Bh5 18. Rf2 Rb7 19. Bd4 e5 20. Be3 Bg6 21. g4
Rfb8 22. b3 Rd8 23. Rd1 Qa5 24. Na4 Qxd2 25. Rfxd2 Bf8 26. c4 Rdb8 27. Rxd6
Bxd6 28. Rxd6 Bxe4 29. Nc5 Bb1 30. Nxb7 Rxb7 31. Bh6 Rb8 32. Rxc6 Bxa2 33. b4
Bb1 34. Rxa6 Bd3 35. Rc6 f5 36. b5 fxg4 37. hxg4 Be2 38. Rc7 e4 39. Kf2 Bd3 40.
Ke3 Rb6 41. g5 Re6 42. Rg7+ Kh8 43. Rf7 Re8 44. Rc7 Rb8 45. Bg7+ Kg8 46. Bd4
1-0

[Event "5th Budapest Open"]
[Site "Budapest"]
[Date "2015.08.17"]
[Round "3.16"]
[White "Schatzer, Andras"]
[Black "Balogh, Lajos"]
[Result "0-1"]
[WhiteElo "1809"]
[BlackElo "2018"]
[PlyCount "138"]
[EventDate "2014.08.15"]
[EventType "swiss"]
[EventRounds "9"]
[EventCountry "HUN"]

1. c4 Nf6 2. Nc3 e6 3. Nf3 b6 4. g3 Ba6 5. b3 c5 6. Bg2 Bb7 7. O-O a6 8. Bb2
Nc6 9. d4 cxd4 10. Nxd4 Be7 11. e4 Qc7 12. Qd2 Rc8 13. Rfe1 Ng4 14. Nxc6 Bxc6
15. Nd5 Bxd5 16. exd5 O-O 17. h3 Nf6 18. Rad1 Ne8 19. dxe6 dxe6 20. Qd7 Nf6 21.
Qxc7 Rxc7 22. Be5 Rd7 23. Bxf6 Rxd1 24. Rxd1 Bxf6 25. Rd6 Rb8 26. Rd7 a5 27.
Kf1 Bb2 28. Ke2 Ba3 29. f4 g6 30. g4 Kg7 31. f5 gxf5 32. gxf5 exf5 33. Bd5 Re8+
34. Kf3 Re7 35. Rd8 Bc5 36. Kf4 Kf6 37. Rh8 Be3+ 38. Kf3 h6 39. a3 Kg7 40. Rb8
Bc5 41. b4 axb4 42. axb4 Bd4 43. Rc8 Kf6 44. c5 bxc5 45. bxc5 Re5 46. Rc6+ Kg7
47. Bxf7 Kxf7 48. Rxh6 Rxc5 49. Ra6 Bf6 50. Kf4 Kg6 51. h4 Rc4+ 52. Kg3 Rg4+
53. Kf3 Rxh4 54. Kg3 Rb4 55. Ra3 Kg5 56. Kf3 Rh4 57. Kg2 Be5 58. Ra5 Bf4 59.
Ra3 Kg4 60. Kf2 Rh2+ 61. Kf1 Bg3 62. Kg1 Rc2 63. Kf1 f4 64. Ra4 Kh3 65. Ra3
Rf2+ 66. Kg1 Re2 67. Ra1 f3 68. Rf1 Re1 69. Rxe1 f2+ 0-1

[Event "5th Budapest Open"]
[Site "Budapest"]
[Date "2015.08.17"]
[Round "3.17"]
[White "Meixner, Ferenc"]
[Black "Liptak, Tibor"]
[Result "1-0"]
[WhiteElo "1998"]
[BlackElo "1833"]
[PlyCount "97"]
[EventDate "2014.08.15"]
[EventType "swiss"]
[EventRounds "9"]
[EventCountry "HUN"]

1. d4 d5 2. Nf3 Nf6 3. Bf4 g6 4. e3 Bg7 5. c4 c6 6. Nc3 O-O 7. Rc1 a6 8. Be2
dxc4 9. Bxc4 Nbd7 10. O-O Nh5 11. Bg5 h6 12. Bh4 g5 13. Bg3 Nxg3 14. hxg3 e5
15. Qc2 exd4 16. exd4 Nb6 17. Bb3 Nd5 18. Nxd5 cxd5 19. Qd3 Qd6 20. Rfe1 Bd7
21. Ne5 Rad8 22. Bc2 f5 23. g4 Bc8 24. Bb1 Rde8 25. Qc3 Bxe5 26. dxe5 Qb6 27.
Qd3 Be6 28. Re2 Qb4 29. gxf5 Rxf5 30. Qh3 Qf4 31. Rc7 g4 32. Qe3 Qxe3 33. Rxe3
Rf7 34. Rxf7 Kxf7 35. f4 gxf3 36. gxf3 Ke7 37. Kf2 Rf8 38. Rb3 b5 39. Rb4 Bf5
40. Bxf5 Rxf5 41. f4 Ke6 42. Kf3 Rf8 43. Rb3 Rc8 44. Ra3 Rc6 45. Kg4 d4 46. Rd3
Kd5 47. Kf5 Kc4 48. Ke4 Re6 49. Rxd4+ 1-0

[Event "5th Budapest Open"]
[Site "Budapest"]
[Date "2015.08.17"]
[Round "3.18"]
[White "Czimer, Jozsef"]
[Black "Csapo, Zoltan"]
[Result "1-0"]
[WhiteElo "1708"]
[BlackElo "1993"]
[PlyCount "83"]
[EventDate "2014.08.15"]
[EventType "swiss"]
[EventRounds "9"]
[EventCountry "HUN"]

1. Nf3 Nf6 2. c4 g6 3. g3 Bg7 4. Bg2 d6 5. Nc3 O-O 6. O-O Nc6 7. d4 a6 8. d5
Na5 9. Nd2 b6 10. Qc2 h5 11. b4 Nb7 12. Bb2 Ng4 13. Nd1 Bxb2 14. Nxb2 Rb8 15.
h3 Nh6 16. Nd3 e5 17. e4 f5 18. Kh2 Qe7 19. Rae1 f4 20. gxf4 exf4 21. Qc3 Nd8
22. e5 dxe5 23. Qxe5 Qh7 24. Nxf4 Ndf7 25. Qxc7 Bf5 26. Re7 Rfc8 27. Qa7 Qh8
28. Ne4 Qd4 29. Ne2 Qxc4 30. Nd6 Qxb4 31. Nxf7 Nxf7 32. Rxf7 Qd6+ 33. Kg1 Qe5
34. Re7 Qf6 35. Rb7 Qd8 36. Rxb8 Rxb8 37. Qxa6 Qg5 38. Ng3 Bxh3 39. Bxh3 h4 40.
Be6+ Kh8 41. Qd3 Re8 42. Kg2 1-0

[Event "5th Budapest Open"]
[Site "Budapest"]
[Date "2015.08.17"]
[Round "3.19"]
[White "Heyl, Thomas"]
[Black "Szlenka, Attila"]
[Result "1/2-1/2"]
[WhiteElo "1986"]
[BlackElo "1765"]
[PlyCount "48"]
[EventDate "2014.08.15"]
[EventType "swiss"]
[EventRounds "9"]
[EventCountry "HUN"]

1. c4 Nf6 2. g3 g6 3. Bg2 Bg7 4. Nc3 O-O 5. e4 d6 6. Nge2 c5 7. O-O Nc6 8. d3
Bd7 9. h3 Nd4 10. Nxd4 cxd4 11. Ne2 e5 12. Bg5 h6 13. Bd2 b5 14. b3 bxc4 15.
bxc4 Qc7 16. Qc2 Rab8 17. Rfb1 Rfc8 18. f4 Be8 19. fxe5 dxe5 20. Rxb8 Rxb8 21.
Rb1 Bf8 22. Rxb8 Qxb8 23. Qb3 Qb6 24. Nc1 Bc6 1/2-1/2

[Event "5th Budapest Open"]
[Site "Budapest"]
[Date "2015.08.17"]
[Round "3.20"]
[White "Zoldy, Robert"]
[Black "Zsatkovics, Endre"]
[Result "1/2-1/2"]
[WhiteElo "1978"]
[BlackElo "1748"]
[PlyCount "119"]
[EventDate "2014.08.15"]
[EventType "swiss"]
[EventRounds "9"]
[EventCountry "HUN"]

1. e4 e5 2. Nf3 Nc6 3. c3 Nf6 4. d4 exd4 5. e5 Ne4 6. cxd4 Bb4+ 7. Nbd2 Nxd2 8.
Bxd2 Bxd2+ 9. Qxd2 d6 10. Bc4 d5 11. Be2 Bf5 12. O-O O-O 13. Rac1 Ne7 14. Nh4
Be4 15. f3 Bf5 16. Nxf5 Nxf5 17. Qf4 Ne7 18. Bd3 Qd7 19. Qd2 Rac8 20. Rc3 Qa4
21. Bb1 Nc6 22. Rd1 Qa5 23. f4 f6 24. Qd3 g6 25. Rc5 Qb6 26. Qb5 Qxb5 27. Rxb5
fxe5 28. fxe5 Ne7 29. Rxb7 Rb8 30. Rxb8 Rxb8 31. Rd2 Rb4 32. a3 Rc4 33. Ba2
Rc1+ 34. Kf2 c6 35. Bb3 Nf5 36. g4 Ne7 37. Rd1 Rxd1 38. Bxd1 Kf7 39. b4 Ke6 40.
Ke3 Nc8 41. Ba4 Nb6 42. Bxc6 Nc4+ 43. Kf4 Nxa3 44. Ba4 h6 45. h4 a6 46. Be8 Nc2
47. Bxg6 Nxd4 48. Bf5+ Ke7 49. Bd3 Nc6 50. Bxa6 Nxb4 51. Bc8 Nc6 52. h5 Nd4 53.
g5 hxg5+ 54. Ke3 Nc6 55. e6 Kf6 56. h6 Kg6 57. Bb7 Ne7 58. Kd4 Kxh6 59. Bxd5
Kg6 60. Ke5 1/2-1/2

[Event "5th Budapest Open"]
[Site "Budapest"]
[Date "2015.08.17"]
[Round "3.21"]
[White "Ronyai, Imre"]
[Black "Arellano Pardo, Martin"]
[Result "0-1"]
[WhiteElo "1549"]
[BlackElo "1912"]
[PlyCount "44"]
[EventDate "2014.08.15"]
[EventType "swiss"]
[EventRounds "9"]
[EventCountry "HUN"]

1. e4 Nf6 2. Nc3 d5 3. exd5 Nxd5 4. Bc4 Nb6 5. Bb3 Nc6 6. Nf3 h6 7. O-O Bg4 8.
d4 e6 9. a3 Qf6 10. Ne4 Qg6 11. Re1 Bxf3 12. Qxf3 Nxd4 13. Qc3 Nc6 14. Bf4
O-O-O 15. Re2 Qg4 16. Qe3 Nd5 17. Bxd5 Rxd5 18. Rae1 e5 19. Bg3 f5 20. Qb3 Rd7
21. h3 Qh5 22. Nc3 Nd4 0-1